Normal view
MARC view
- URDU ADAB-CRITICISM
Entry Topical Term
001 - CONTROL NUMBER
- control field: 68252
003 - CONTROL NUMBER IDENTIFIER
- control field: NUST
005 - DATE AND TIME OF LATEST TRANSACTION
- control field: 20210628204019.0
008 - FIXED-LENGTH DATA ELEMENTS
- fixed length control field: 210628|| aca||aabn | a|a d
040 ## - CATALOGING SOURCE
- Original cataloging agency: NUST
- Transcribing agency: NUST
150 ## - HEADING--TOPICAL TERM
- Topical term or geographic name entry element: URDU ADAB-CRITICISM
670 ## - SOURCE DATA FOUND
- Source citation: Work cat.: (NUST): Dr A.B Ashraf 68251, Masaail- i - adab , tanqeed - o-tajzya, 2011
